[Event "Estival II"]
[Site "Quebec CAN"]
[Date "2006.07.24"]
[Round "1"]
[White "Vadlovo, Joseph"]
[Black "Lapierre, Gaetan"]
[Result "0-1"]
[WhiteElo "1623"]
[BlackElo "1886"]
[PlyCount "70"]
[EventDate "2006.07.24"]
[EventType "swiss"]
[EventRounds "5"]
[EventCountry "CAN"]

1. e4 c5 2. d3 d6 3. c4 g6 4. Nc3 Nf6 5. Nf3 Bg7 6. Be2 O-O 7. O-O e5 8. Bg5 h6
9. Be3 Ng4 10. h3 Nxe3 11. fxe3 Nc6 12. a3 f5 13. exf5 gxf5 14. Rb1 b6 15. Qd2
f4 16. e4 Bf6 17. Nd5 Bh4 18. b3 Bg3 19. Nh2 Bxh2+ 20. Kxh2 Qg5 21. Bf3 Rf7 22.
Qf2 Be6 23. Nc3 Nd4 24. Ne2 Nc2 25. a4 Ne3 26. Rg1 h5 27. Rb2 Ng4+ 28. Bxg4
hxg4 29. Kh1 g3 30. Qe1 Qh4 31. Rf1 Bxh3 32. Nxg3 Bg4+ 33. Kg1 fxg3 34. Rf3
Qh2+ 35. Kf1 Rxf3+ 0-1

[Event "Estival II"]
[Site "Quebec CAN"]
[Date "2006.07.31"]
[Round "2"]
[White "Cote, Jocelyn"]
[Black "Poliquin, Yvon"]
[Result "0-1"]
[WhiteElo "1721"]
[BlackElo "1924"]
[PlyCount "82"]
[EventDate "2006.07.24"]
[EventType "swiss"]
[EventRounds "5"]
[EventCountry "CAN"]

1. e4 c5 2. Nc3 Nc6 3. d3 g6 4. g3 Rb8 5. Be3 d6 6. Qd2 Bg7 7. Bg2 b5 8. Nf3 b4
9. Nd1 Bg4 10. h3 Bxf3 11. Bxf3 e6 12. O-O Nge7 13. Bg2 O-O 14. Bh6 Qc7 15.
Bxg7 Kxg7 16. h4 h5 17. a3 a5 18. a4 Nd4 19. f3 b3 20. c3 Nc2 21. Nf2 Nxa1 22.
Rxa1 f5 23. Nh3 Rf6 24. Qg5 e5 25. g4 hxg4 26. fxg4 f4 27. Bf3 Rh8 28. Ra3 c4
29. h5 Qc5+ 30. d4 exd4 31. Qxc5 dxc5 32. cxd4 cxd4 33. g5 Rff8 34. h6+ Kh7 35.
Kf2 Nc6 36. Ra1 Ne5 37. Be2 Rf7 38. Rf1 c3 39. bxc3 dxc3 40. Ke1 b2 41. Kf2 c2
0-1

[Event "Estival II"]
[Site "Quebec CAN"]
[Date "2006.07.31"]
[Round "2"]
[White "Cournoyer, Dominic"]
[Black "Monga, Alain"]
[Result "1-0"]
[WhiteElo "1796"]
[BlackElo "1705"]
[PlyCount "87"]
[EventDate "2006.07.24"]
[EventType "swiss"]
[EventRounds "5"]
[EventCountry "CAN"]

1. f4 Nf6 2. Nf3 c6 3. e3 d5 4. b3 Qb6 5. Bb2 Bf5 6. Be2 h6 7. Nc3 Nbd7 8. d4
e6 9. a3 Ng4 10. Qd2 Bxc2 11. Qxc2 Nxe3 12. Qd2 Nxg2+ 13. Kf2 Nxf4 14. Qxf4
Qxb3 15. Qd2 Qb6 16. Rab1 Bd6 17. Rhg1 Rg8 18. Bc1 Qc7 19. Rg2 g5 20. h3 Nf6
21. Qc2 O-O-O 22. Nd2 Rdf8 23. Nb3 Nd7 24. Bd2 f5 25. Na4 b6 26. Rgg1 Nf6 27.
Rgc1 Ne4+ 28. Ke1 Kd7 29. Nc3 Bg3+ 30. Kf1 Nf2 31. Ba6 Nxh3 32. Nc5+ Ke7 33.
Ne2 Bh4 34. Nxe6 Qh2 35. Be3 Rf6 36. N2f4 Qxc2 37. Rxc2 gxf4 38. Nxf4 Rg3 39.
Ng2 f4 40. Bc1 Rf3+ 41. Ke2 Re6+ 42. Kxf3 Ng1+ 43. Kg4 Bg3 44. Nxf4 1-0

[Event "Estival II"]
[Site "Quebec CAN"]
[Date "2006.07.31"]
[Round "2"]
[White "Lapierre, Gaetan"]
[Black "Bourassa, Samuel"]
[Result "0-1"]
[WhiteElo "1886"]
[BlackElo "1721"]
[PlyCount "41"]
[EventDate "2006.07.24"]
[EventType "swiss"]
[EventRounds "5"]
[EventCountry "CAN"]

1. e4 c5 2. Nc3 d6 3. g3 g6 4. Bg2 Bg7 5. Nf3 Nc6 6. d3 e5 7. O-O Nge7 8. Be3
O-O 9. Qd2 f5 10. Ng5 h6 11. Nh3 g5 12. f4 exf4 13. gxf4 g4 14. Nf2 h5 15. Rab1
Rf6 16. Ne2 Rg6 17. d4 cxd4 18. Nxd4 h4 19. exf5 Bxf5 20. Nxf5 Nxf5 21. Qd5+
0-1

[Event "Estival II"]
[Site "Quebec CAN"]
[Date "2006.07.31"]
[Round "2"]
[White "Vallieres, David"]
[Black "Laflamme, Simon"]
[Result "0-1"]
[WhiteElo "1769"]
[BlackElo "1970"]
[PlyCount "94"]
[EventDate "2006.07.24"]
[EventType "swiss"]
[EventRounds "5"]
[EventCountry "CAN"]

1. e4 c5 2. Nf3 Nc6 3. d4 cxd4 4. Nxd4 Nf6 5. Nc3 e5 6. Ndb5 d6 7. Bg5 a6 8.
Na3 b5 9. Nd5 Be7 10. Bxf6 Bxf6 11. c3 Bg5 12. Bd3 Ne7 13. Ne3 Bxe3 14. fxe3
O-O 15. O-O Qb6 16. Nc2 f5 17. Qe2 d5 18. Qh5 g6 19. Qg5 Ra7 20. exd5 Nxd5 21.
Kh1 Raf7 22. c4 Nc7 23. cxb5 axb5 24. e4 Ne6 25. Qe3 Qb8 26. Qe2 Nf4 27. Rxf4
exf4 28. Bxb5 Re7 29. Qc4+ Be6 30. Qb4 Rb7 31. a4 fxe4 32. Qxe4 Bf5 33. Bc4+
Kg7 34. Qd4+ Kh6 35. Na3 Rxb2 36. Nb5 Rc2 37. Nd6 Rxc4 38. Nxf5+ Rxf5 39. Qxc4
Qb2 40. Rf1 Rg5 41. Qe4 Rg4 42. h3 Rh4 43. Qe1 Qf6 44. a5 g5 45. Qa1 Qc6 46.
Rb1 Rxh3+ 47. Kg1 Qc5+ 0-1

[Event "Estival II"]
[Site "Quebec CAN"]
[Date "2006.08.07"]
[Round "3"]
[White "Fortier, Bertrand"]
[Black "Vallieres, David"]
[Result "1/2-1/2"]
[WhiteElo "1661"]
[BlackElo "1769"]
[PlyCount "77"]
[EventDate "2006.07.24"]
[EventType "swiss"]
[EventRounds "5"]
[EventCountry "CAN"]

1. e4 c5 2. Nc3 e6 3. Bc4 Nc6 4. d3 Nf6 5. Bg5 Be7 6. Nf3 d6 7. d4 cxd4 8. Nxd4
Bd7 9. Ndb5 Qb8 10. Bxf6 gxf6 11. Qg4 Kf8 12. O-O-O a6 13. Nd4 Nxd4 14. Rxd4 h5
15. Qe2 b5 16. Bb3 a5 17. a4 b4 18. Nd1 Qe8 19. Ne3 Bxa4 20. Bxa4 Qxa4 21. Kb1
Qc6 22. Rc4 Qb7 23. Rd1 Rc8 24. Qd2 Rxc4 25. Nxc4 Qxe4 26. Nxd6 Bxd6 27. Qxd6+
Kg7 28. Rd3 h4 29. f3 Qg6 30. Rd4 f5 31. g3 hxg3 32. hxg3 Qh6 33. Rh4 Qf6 34.
Rxh8 Kxh8 35. Qc7 Kg7 36. Qxa5 Qd4 37. f4 Qc4 38. Qd8 Qf1+ 39. Ka2 1/2-1/2

[Event "Estival II"]
[Site "Quebec CAN"]
[Date "2006.08.07"]
[Round "3"]
[White "Lapierre, Gaetan"]
[Black "Fecteau, Martin"]
[Result "0-1"]
[WhiteElo "1886"]
[BlackElo "1952"]
[PlyCount "80"]
[EventDate "2006.07.24"]
[EventType "swiss"]
[EventRounds "5"]
[EventCountry "CAN"]

1. e4 e6 2. d4 d5 3. e5 c5 4. c3 Nc6 5. a3 Qb6 6. Nf3 Nge7 7. b4 cxd4 8. cxd4
Nf5 9. Be3 Be7 10. Be2 O-O 11. O-O Bd7 12. Nc3 Rfc8 13. Na4 Qd8 14. Nc5 b6 15.
Nxd7 Qxd7 16. Ba6 Rc7 17. Rc1 Nb8 18. Bb5 Rxc1 19. Qxc1 Qxb5 20. Qc8+ Bf8 21.
Rc1 a5 22. Bg5 h6 23. g4 hxg5 24. gxf5 Qd7 25. fxe6 fxe6 26. Nxg5 axb4 27. axb4
Ra1 28. Kg2 Rxc1 29. Qxc1 Be7 30. h4 Nc6 31. Qf4 Bxg5 32. hxg5 Qf7 33. Qd2 Qf5
34. f3 Ne7 35. b5 Kh7 36. Kg3 Kg6 37. f4 Qb1 38. Kg4 Qb3 39. Qc1 Nf5 40. Qe1
Qd1+ 0-1

[Event "Estival II"]
[Site "Quebec CAN"]
[Date "2006.08.07"]
[Round "3"]
[White "Poliquin, Yvon"]
[Black "Bluteau, Yvon"]
[Result "0-1"]
[WhiteElo "1924"]
[BlackElo "1799"]
[PlyCount "104"]
[EventDate "2006.07.24"]
[EventType "swiss"]
[EventRounds "5"]
[EventCountry "CAN"]

1. e4 c5 2. Nf3 Nf6 3. e5 Nd5 4. d4 cxd4 5. Qxd4 e6 6. Bc4 Nc6 7. Qe4 f5 8. Qe2
Nb6 9. Bb3 Be7 10. h4 Na5 11. c4 Nxb3 12. axb3 d6 13. exd6 Qxd6 14. Bd2 Bf6 15.
Bc3 O-O 16. Na3 Bd7 17. Nc2 Bc6 18. Bb4 Qf4 19. Bxf8 Kxf8 20. Ne3 Nd7 21. Ng5
Kg8 22. Rd1 Nf8 23. Rg1 Qxh4 24. Nf3 Qf4 25. Kf1 g5 26. Ne1 g4 27. Nd3 Qg5 28.
Nb4 Be8 29. Rh1 Ng6 30. Nd3 h5 31. Ne1 Nf4 32. Qc2 h4 33. b4 Rc8 34. Qb3 Rc7
35. Qa3 a6 36. Qa5 Rh7 37. b5 Nh5 38. bxa6 bxa6 39. Qxa6 Ng3+ 40. fxg3 Qxe3 41.
Rd3 Qe4 42. Qc8 Kf8 43. Qc5+ Kf7 44. Re3 Qb1 45. Qd6 e5 46. Rxe5 Bxe5 47. Qxe5
h3 48. Qd5+ Kf8 49. gxh3 Re7 50. Qd2 Qe4 51. Rh2 Qxc4+ 52. Kf2 Qc5+ 0-1

[Event "Estival II"]
[Site "Quebec CAN"]
[Date "2006.08.07"]
[Round "3"]
[White "Sauve, Richard"]
[Black "Cournoyer, Dominic"]
[Result "1-0"]
[WhiteElo "2037"]
[BlackElo "1796"]
[PlyCount "109"]
[EventDate "2006.07.24"]
[EventType "swiss"]
[EventRounds "5"]
[EventCountry "CAN"]

1. d4 b5 2. Nf3 Bb7 3. Bf4 Nf6 4. e3 a6 5. c4 bxc4 6. Bxc4 e6 7. O-O Be7 8. Nc3
O-O 9. d5 exd5 10. Nxd5 Nxd5 11. Bxd5 c6 12. Qb3 Ra7 13. Be4 d5 14. Rad1 Nd7
15. Bb1 a5 16. Nd4 Qc8 17. Rc1 Ra6 18. Qc2 g6 19. Rfd1 Nf6 20. Bg5 Re8 21. Qa4
Qg4 22. Bxf6 Bxf6 23. Bd3 Raa8 24. Be2 Qd7 25. a3 Rec8 26. Rc5 Qc7 27. Rdc1 Qb6
28. Qc2 Bxd4 29. exd4 Rab8 30. Qd2 Ra8 31. h4 h5 32. R1c3 Qd8 33. Qf4 Qc7 34.
Qxc7 Rxc7 35. Rxd5 Re7 36. Re5 Rd7 37. Rb3 Kg7 38. g3 Ra7 39. Rd3 Ba8 40. Rc5
a4 41. Bd1 Rdb7 42. Rd2 Re7 43. Kf1 Bb7 44. Bf3 Ba6+ 45. Kg2 Re1 46. Bxc6 Rb1
47. d5 Re7 48. d6 Ree1 49. d7 Bf1+ 50. Kf3 Re6 51. d8=Q Rbe1 52. Rd4 Be2+ 53.
Kg2 Bf1+ 54. Kh2 R1e2 55. Rf4 1-0

[Event "Estival II"]
[Site "Quebec CAN"]
[Date "2006.08.14"]
[Round "4"]
[White "Bluteau, Yvon"]
[Black "Fecteau, Martin"]
[Result "0-1"]
[WhiteElo "1799"]
[BlackElo "1952"]
[PlyCount "56"]
[EventDate "2006.07.24"]
[EventType "swiss"]
[EventRounds "5"]
[EventCountry "CAN"]

1. d4 d5 2. Nf3 Nf6 3. Bf4 e6 4. Nbd2 c5 5. e3 Nc6 6. c3 Be7 7. Bd3 O-O 8. Ne5
cxd4 9. exd4 Nd7 10. Nxc6 bxc6 11. h4 c5 12. Nf3 cxd4 13. cxd4 Bb4+ 14. Kf1 f5
15. Rc1 Nf6 16. Bg5 Qb6 17. Bxf6 gxf6 18. Qe2 Bd7 19. Rh3 Bd6 20. Kg1 Rae8 21.
h5 Kh8 22. Nh4 Rf7 23. h6 Qxd4 24. Re1 Rg8 25. Qh5 Rff8 26. Bxf5 exf5 27. Ree3
Rg5 28. Nxf5 Bxf5 0-1

[Event "Estival II"]
[Site "Quebec CAN"]
[Date "2006.08.14"]
[Round "4"]
[White "Boulianne, Gabriel"]
[Black "Gago, Nelson"]
[Result "1/2-1/2"]
[WhiteElo "1515"]
[BlackElo "1781"]
[PlyCount "71"]
[EventDate "2006.07.24"]
[EventType "swiss"]
[EventRounds "5"]
[EventCountry "CAN"]

1. e4 c5 2. Nf3 e6 3. d4 cxd4 4. Nxd4 a6 5. Nc3 Nf6 6. Bg5 Be7 7. Bc4 Nxe4 8.
Nxe4 Bxg5 9. Nd6+ Kf8 10. Qf3 Bf6 11. Rd1 Nc6 12. Bxe6 Nxd4 13. Rxd4 fxe6 14.
Rc4 g6 15. Rxc8 Rxc8 16. Nxc8 Kg7 17. Nd6 Qa5+ 18. Ke2 Qe5+ 19. Ne4 d5 20.
Qxf6+ Qxf6 21. Nxf6 Kxf6 22. Kd3 Rc8 23. c3 g5 24. g4 h5 25. h4 hxg4 26. h5 e5
27. h6 Rh8 28. h7 Kg7 29. c4 dxc4+ 30. Kxc4 Rxh7 31. Rxh7+ Kxh7 32. Kd5 e4 33.
Kxe4 Kg6 34. Ke5 b6 35. Ke6 b5 36. a3 1/2-1/2

[Event "Estival II"]
[Site "Quebec CAN"]
[Date "2006.08.14"]
[Round "4"]
[White "Cournoyer, Dominic"]
[Black "Lapierre, Gaetan"]
[Result "1/2-1/2"]
[WhiteElo "1796"]
[BlackElo "1886"]
[PlyCount "117"]
[EventDate "2006.07.24"]
[EventType "swiss"]
[EventRounds "5"]
[EventCountry "CAN"]

1. c4 Nf6 2. Nc3 g6 3. Nf3 Bg7 4. g3 O-O 5. Bg2 d6 6. O-O e5 7. Rb1 a5 8. a3
Qe7 9. d3 c6 10. Bd2 h6 11. b4 axb4 12. axb4 Kh7 13. b5 c5 14. Ne1 Ne8 15. Nd5
Qd8 16. f4 f5 17. Bc3 Nf6 18. Nc2 Nbd7 19. Ra1 Nxd5 20. Bxd5 Rxa1 21. Qxa1 Qe7
22. Bg2 Re8 23. e4 fxe4 24. Bxe4 Nf6 25. Bg2 exf4 26. Rxf4 Bf5 27. Rf3 Ng4 28.
Bxg7 Qxg7 29. Qxg7+ Kxg7 30. Bf1 Ra8 31. Ne3 Nxe3 32. Rxe3 Ra1 33. Kf2 Ra2+ 34.
Re2 Rxe2+ 35. Bxe2 b6 36. Ke3 Kf6 37. d4 Bh3 38. dxc5 dxc5 39. Bf3 Ke5 40. Be4
g5 41. Bd5 Bf1 42. Bf7 Bg2 43. Bg8 Kf5 44. Bf7 Kf6 45. Bg8 h5 46. h4 gxh4 47.
gxh4 Kf5 48. Kf2 Bb7 49. Kg3 Be4 50. Bf7 Bd3 51. Kf3 Ke5 52. Ke3 Bf1 53. Bg8
Kf5 54. Kf3 Bh3 55. Bh7+ Ke5 56. Ke3 Be6 57. Bd3 Bg4 58. Bg6 Be6 59. Bd3
1/2-1/2

[Event "Estival II"]
[Site "Quebec CAN"]
[Date "2006.08.14"]
[Round "4"]
[White "Fortier, Bertrand"]
[Black "Bourassa, Samuel"]
[Result "1-0"]
[WhiteElo "1661"]
[BlackElo "1721"]
[PlyCount "47"]
[EventDate "2006.07.24"]
[EventType "swiss"]
[EventRounds "5"]
[EventCountry "CAN"]

1. c4 Nf6 2. Nc3 g6 3. d4 Bg7 4. e4 d6 5. Be2 O-O 6. Be3 Na6 7. h3 c5 8. Nf3
Bd7 9. O-O Qa5 10. e5 Ne8 11. Qd2 cxd4 12. Bxd4 Bc6 13. exd6 Nxd6 14. Bxg7 Kxg7
15. Nd4 Rac8 16. b3 Rfd8 17. Nxc6 Rxc6 18. Rfd1 Nc5 19. Bf3 Rc7 20. Qd4+ Kg8
21. Nd5 Ne6 22. Qe5 Rc5 23. Nxe7+ Kf8 24. Nd5 1-0

[Event "Estival II"]
[Site "Quebec CAN"]
[Date "2006.08.14"]
[Round "4"]
[White "Laflamme, Simon"]
[Black "Poliquin, Yvon"]
[Result "1-0"]
[WhiteElo "1970"]
[BlackElo "1924"]
[PlyCount "69"]
[EventDate "2006.07.24"]
[EventType "swiss"]
[EventRounds "5"]
[EventCountry "CAN"]

1. d4 g6 2. e4 Bg7 3. Nc3 b6 4. Be3 Bb7 5. Qd2 e6 6. Nf3 d6 7. O-O-O Nd7 8. Be2
h6 9. h3 Qe7 10. Nh2 O-O-O 11. Bf3 Kb8 12. Kb1 Ngf6 13. Rhe1 e5 14. d5 g5 15.
Nf1 Nf8 16. Ng3 Bc8 17. a4 Ng6 18. a5 Nh4 19. Na2 Nxf3 20. gxf3 Qd7 21. Nb4 Bb7
22. Qc3 Qb5 23. Nf5 Bf8 24. Nc6+ Bxc6 25. dxc6 Qxa5 26. Qb3 d5 27. Bd2 Qc5 28.
Qa4 b5 29. Qa6 Qb6 30. Qxb6+ axb6 31. exd5 Bd6 32. Bc3 Rde8 33. b4 Nh5 34. Kb2
Nf4 35. Ne3 1-0

[Event "Estival II"]
[Site "Quebec CAN"]
[Date "2006.08.14"]
[Round "4"]
[White "Monga, Alain"]
[Black "Bisson, Real"]
[Result "1-0"]
[WhiteElo "1705"]
[BlackElo "1683"]
[PlyCount "138"]
[EventDate "2006.07.24"]
[EventType "swiss"]
[EventRounds "5"]
[EventCountry "CAN"]

1. e4 c6 2. d4 d5 3. Nc3 dxe4 4. Nxe4 Nd7 5. Ng5 Ngf6 6. Bd3 e6 7. N1f3 Bd6 8.
Qe2 h6 9. Ne4 Nxe4 10. Qxe4 c5 11. O-O Nf6 12. Qe2 O-O 13. Re1 Qc7 14. c3 Bd7
15. Ne5 Rac8 16. Qf3 Bc6 17. Qg3 Kh8 18. Qh4 Ng8 19. Qh5 Nf6 20. Qh4 Ng8 21.
Qg3 Be8 22. Bf4 Rd8 23. Re4 f5 24. Re2 Kh7 25. Rae1 Nf6 26. Qf3 Nh5 27. Bc1 g5
28. Qe3 Nf4 29. f3 cxd4 30. cxd4 Nxe2+ 31. Bxe2 Bxe5 32. dxe5 a6 33. Bd2 Rd5
34. Bc3 Bg6 35. Bd1 f4 36. Qa7 Rc8 37. Bb3 Qc5+ 38. Qxc5 Rdxc5 39. Bxe6 R8c6
40. Bd7 Rxc3 41. bxc3 Rxc3 42. e6 Bf5 43. Re5 Rc1+ 44. Kf2 Rc2+ 45. Ke1 Bxe6
46. Bxe6 Rxg2 47. h3 Kg7 48. Re2 Rg1+ 49. Kd2 Kf6 50. Bc8 Rg3 51. Bg4 Kf7 52.
Kc3 Kf6 53. Re6+ Kg7 54. Rb6 h5 55. Rxb7+ Kf6 56. Rb6+ Ke5 57. Bxh5 Rxh3 58.
Bg4 Rh2 59. Rxa6 Rh1 60. a4 Rc1+ 61. Kb2 Rc4 62. Kb3 Rd4 63. Rb6 Rd3+ 64. Kb4
Rd4+ 65. Kb5 Rd5+ 66. Ka6 Kd4 67. Rb5 Rd6+ 68. Kb7 Kc4 69. Rxg5 Kb4 1-0

[Event "Estival II"]
[Site "Quebec CAN"]
[Date "2006.08.21"]
[Round "5"]
[White "Bluteau, Yvon"]
[Black "Monga, Alain"]
[Result "1/2-1/2"]
[WhiteElo "1799"]
[BlackElo "1705"]
[PlyCount "93"]
[EventDate "2006.07.24"]
[EventType "swiss"]
[EventRounds "5"]
[EventCountry "CAN"]

1. d4 d5 2. Nf3 Nf6 3. Bf4 c6 4. Nbd2 e6 5. e3 Nbd7 6. Bd3 Be7 7. Ne5 c5 8. c3
c4 9. Bc2 Nxe5 10. dxe5 Nd7 11. Qg4 g5 12. O-O-O h5 13. Qf3 gxf4 14. exf4 b5
15. Rhe1 Qa5 16. f5 Qxa2 17. fxe6 Qa1+ 18. Nb1 fxe6 19. Bg6+ Kd8 20. Rxd5 exd5
21. Qxd5 Rb8 22. e6 Rb7 23. Rd1 Rf8 24. f3 Rf6 25. Be4 Rxe6 26. Qxe6 Bg5+ 27.
Rd2 Bxd2+ 28. Kxd2 Qxb2+ 29. Ke3 Qc1+ 30. Kf2 Rb6 31. Qg8+ Kc7 32. Qd5 h4 33.
Bf5 Qb2+ 34. Ke3 Rd6 35. Qa8 Qa1 36. Qe4 Rd3+ 37. Kf4 Qxb1 38. Qa8 Qc1+ 39. Kg4
Nf6+ 40. Kxh4 Qf4+ 41. g4 Bxf5 42. Qxa7+ Kd8 43. Qb6+ Ke7 44. Qc5+ Kf7 45. h3
Kg6 46. Qf8 Rxf3 47. Qg7+ 1/2-1/2

[Event "Estival II"]
[Site "Quebec CAN"]
[Date "2006.08.21"]
[Round "5"]
[White "Cote, Jocelyn"]
[Black "Boulianne, Gabriel"]
[Result "0-1"]
[WhiteElo "1721"]
[BlackElo "1523"]
[PlyCount "42"]
[EventDate "2006.07.24"]
[EventType "swiss"]
[EventRounds "5"]
[EventCountry "CAN"]

1. e4 Nc6 2. d3 e5 3. g3 Nf6 4. Bg2 Bc5 5. c3 d5 6. Nd2 O-O 7. h3 Be6 8. Ne2
Qd7 9. Qc2 Rad8 10. Nb3 Bb6 11. Bd2 dxe4 12. dxe4 Bxb3 13. axb3 Bxf2+ 14. Kxf2
Qxd2 15. Qb1 Rd3 16. Qc1 Rfd8 17. Rb1 Qxc1 18. Rhxc1 Rd2 19. Ke1 Na5 20. b4 Nc4
21. b3 Na3 0-1

[Event "Estival II"]
[Site "Quebec CAN"]
[Date "2006.08.21"]
[Round "5"]
[White "Fecteau, Martin"]
[Black "Laflamme, Simon"]
[Result "1-0"]
[WhiteElo "1952"]
[BlackElo "1970"]
[PlyCount "63"]
[EventDate "2006.07.24"]
[EventType "swiss"]
[EventRounds "5"]
[EventCountry "CAN"]

1. d4 Nf6 2. c4 e6 3. Nc3 Bb4 4. Qc2 Nc6 5. Nf3 d6 6. a3 Bxc3+ 7. Qxc3 O-O 8.
e3 e5 9. d5 Ne7 10. Be2 Ne4 11. Qc2 Nc5 12. b4 Bf5 13. Qd1 Ne4 14. Bb2 Ng6 15.
O-O Ng5 16. Nd2 Nh4 17. f4 Ne4 18. g3 Nxd2 19. Qxd2 Ng6 20. Rf2 Bh3 21. f5 Ne7
22. e4 Kh8 23. Qg5 Ng8 24. Qh5 Nf6 25. Qxh3 Nxe4 26. Rg2 Qg5 27. g4 b5 28. Bc1
Qe7 29. Qe3 Nf6 30. g5 Nd7 31. cxb5 Nb6 32. Qd3 1-0

[Event "Estival II"]
[Site "Quebec CAN"]
[Date "2006.08.21"]
[Round "5"]
[White "Gaudreau, Eric"]
[Black "Cournoyer, Dominic"]
[Result "0-1"]
[WhiteElo "1636"]
[BlackElo "1796"]
[PlyCount "51"]
[EventDate "2006.07.24"]
[EventType "swiss"]
[EventRounds "5"]
[EventCountry "CAN"]

1. d4 f5 2. e4 fxe4 3. Nc3 Nf6 4. Bg5 e6 5. f3 exf3 6. Nxf3 Be7 7. Bd3 d6 8.
O-O O-O 9. Qe1 Nc6 10. Qh4 g6 11. Rae1 Nh5 12. Ne4 d5 13. Nc5 Rxf3 14. Rxf3
Bxg5 15. Qf2 b6 16. Nxe6 Bxe6 17. Rxe6 Qd7 18. Re1 Qd6 19. Rf1 Re8 20. Kh1 Bh6
21. g4 Ng7 22. Rf6 Ne6 23. Rxg6+ hxg6 24. Qf7+ Kh8 25. Qxe8+ Nf8 26. Rf7 0-1

[Event "Estival II"]
[Site "Quebec CAN"]
[Date "2006.08.21"]
[Round "5"]
[White "Sauve, Richard"]
[Black "Fortier, Bertrand"]
[Result "1-0"]
[WhiteElo "2037"]
[BlackElo "1661"]
[PlyCount "40"]
[EventDate "2006.07.24"]
[EventType "swiss"]
[EventRounds "5"]
[EventCountry "CAN"]

1. d4 d5 2. c4 e6 3. Nc3 Nf6 4. cxd5 exd5 5. Bg5 c6 6. e3 Be7 7. Bd3 Nbd7 8.
Nge2 O-O 9. Qc2 Re8 10. O-O g6 11. Rab1 Ng4 12. Bxe7 Qxe7 13. h3 Ndf6 14. hxg4
Nxg4 15. g3 Qg5 16. Kg2 Rxe3 17. Qc1 Qe7 18. fxe3 Nxe3+ 19. Kh2 Nxf1+ 20. Qxf1
Qe3 1-0

[Event "Fall Pro-Am"]
[Site "Guelph CAN"]
[Date "2006.11.04"]
[Round "2"]
[White "Upper, John"]
[Black "Chung, Kevin"]
[Result "0-1"]
[WhiteElo "2054"]
[BlackElo "2217"]
[PlyCount "78"]
[EventDate "2006.11.04"]
[EventType "swiss"]
[EventRounds "5"]
[EventCountry "CAN"]

1. Nf3 d5 2. d4 e6 3. Bf4 Bd6 4. Bxd6 Qxd6 5. c4 Nf6 6. Nc3 O-O 7. Rc1 c6 8. e3
Ne4 9. Nxe4 dxe4 10. Nd2 f5 11. c5 Qe7 12. Nc4 Nd7 13. Qb3 Kh8 14. Ne5 Nf6 15.
g3 Qc7 16. Bc4 Nd5 17. h4 Bd7 18. h5 Be8 19. Qd1 Qe7 20. Bxd5 exd5 21. a3 Qg5
22. Kd2 Rf6 23. Rh4 Rh6 24. Qb3 Rb8 25. Rch1 Kg8 26. g4 f4 27. exf4 Qxf4+ 28.
Ke2 Rf6 29. R1h2 b6 30. R4h3 Re6 31. cxb6 axb6 32. Rg2 Qg5 33. Rc3 Qd8 34. h6
c5 35. Qd1 Qg5 36. hxg7 cxd4 37. Qxd4 Qxe5 38. Qxe5 Rxe5 39. Rc7 Rg5 0-1

[Event "Fall Pro-Am"]
[Site "Guelph CAN"]
[Date "2006.11.04"]
[Round "2"]
[White "Zubac, Marius"]
[Black "Bannon, Eric"]
[Result "1/2-1/2"]
[WhiteElo "2154"]
[BlackElo "2087"]
[PlyCount "96"]
[EventDate "2006.11.04"]
[EventType "swiss"]
[EventRounds "5"]
[EventCountry "CAN"]

1. d4 Nf6 2. c4 g6 3. Nc3 Bg7 4. e4 d6 5. Nf3 O-O 6. Be2 e5 7. O-O Nc6 8. d5
Ne7 9. Ne1 Ne8 10. Nd3 f5 11. Bd2 Nf6 12. f3 f4 13. g4 g5 14. Kg2 Ng6 15. Be1
h5 16. h3 Bd7 17. c5 Kf7 18. Rc1 Rh8 19. Qb3 hxg4 20. hxg4 Rh6 21. Bf2 Qc8 22.
Rh1 Nxg4 23. fxg4 Bxg4 24. Rxh6 Bxh6 25. Rh1 Bxe2 26. Nxe2 Kg7 27. cxd6 cxd6
28. Kf1 g4 29. Ke1 b6 30. Qc3 g3 31. Bxg3 Qxc3+ 32. bxc3 fxg3 33. Nxg3 Ne7 34.
Nxe5 dxe5 35. d6 Bf4 36. Nh5+ Kf7 37. Nxf4 exf4 38. dxe7 Kxe7 39. Kf2 Rc8 40.
Kf3 Rxc3+ 41. Kxf4 Ra3 42. Rh2 Kf7 43. Kf5 Rf3+ 44. Ke5 Ra3 45. Kd5 Rd3+ 46.
Ke5 Ra3 47. Rh7+ Kg6 48. Rh2 Kf7 1/2-1/2

[Event "Fall Pro-Am"]
[Site "Guelph CAN"]
[Date "2006.11.04"]
[Round "3"]
[White "Chung, Kevin"]
[Black "Zubac, Marius"]
[Result "1/2-1/2"]
[WhiteElo "2217"]
[BlackElo "2154"]
[PlyCount "28"]
[EventDate "2006.11.04"]
[EventType "swiss"]
[EventRounds "5"]
[EventCountry "CAN"]

1. e4 c5 2. Nf3 Nc6 3. d4 cxd4 4. Nxd4 Nf6 5. Nc3 e5 6. Ndb5 d6 7. Bg5 a6 8.
Na3 b5 9. Nd5 Be7 10. Bxf6 Bxf6 11. c4 b4 12. Nc2 a5 13. Be2 O-O 14. O-O Bg5
1/2-1/2

[Event "Fall Pro-Am"]
[Site "Guelph CAN"]
[Date "2006.11.04"]
[Round "3"]
[White "Gillis, Doug"]
[Black "Upper, John"]
[Result "0-1"]
[WhiteElo "1418"]
[BlackElo "2054"]
[PlyCount "58"]
[EventDate "2006.11.04"]
[EventType "swiss"]
[EventRounds "5"]
[EventCountry "CAN"]

1. e4 e6 2. d4 d5 3. e5 c5 4. Nf3 cxd4 5. Nxd4 Nc6 6. Bb5 Bd7 7. Bxc6 bxc6 8.
O-O Qc7 9. Re1 Ne7 10. Qf3 c5 11. Nb3 Ng6 12. Qg3 Be7 13. Bg5 f6 14. exf6 Qxg3
15. hxg3 gxf6 16. Bh6 Kf7 17. Nc3 Rab8 18. Rad1 c4 19. Nd4 Rxb2 20. Bc1 Rb7 21.
Re2 f5 22. Rde1 Bf6 23. Rd1 Rd8 24. a4 a6 25. f4 h5 26. Ree1 h4 27. Nce2 hxg3
28. Nf3 Bxa4 29. Ned4 Bd7 0-1

[Event "Fall Pro-Am"]
[Site "Guelph CAN"]
[Date "2006.11.04"]
[Round "3"]
[White "Sundar, Avinaash"]
[Black "Guo, Joshua"]
[Result "1/2-1/2"]
[WhiteElo "2027"]
[BlackElo "2091"]
[PlyCount "57"]
[EventDate "2006.11.04"]
[EventType "swiss"]
[EventRounds "5"]
[EventCountry "CAN"]

1. c4 Nf6 2. Nc3 g6 3. g3 Bg7 4. Bg2 c5 5. Nf3 Nc6 6. O-O d5 7. cxd5 Nxd5 8.
Qb3 Nc7 9. d3 O-O 10. Bf4 Ne6 11. Be3 Rb8 12. Ne4 b6 13. Neg5 Ned4 14. Bxd4
Nxd4 15. Nxd4 Qxd4 16. Rab1 h6 17. Nf3 Qd6 18. Rfc1 Bb7 19. Qa3 a5 20. h4 Rfd8
21. Rc2 Rd7 22. Rbc1 Rbd8 23. Bh3 e6 24. Bg2 Qb8 25. Qa4 Bxf3 26. Bxf3 Rd4 27.
Qa3 Qe5 28. b3 h5 29. Rc4 1/2-1/2

[Event "Fall Pro-Am"]
[Site "Guelph CAN"]
[Date "2006.11.05"]
[Round "4"]
[White "Beaulieu, Eric"]
[Black "Sundar, Avinaash"]
[Result "1-0"]
[WhiteElo "2208"]
[BlackElo "2027"]
[PlyCount "105"]
[EventDate "2006.11.04"]
[EventType "swiss"]
[EventRounds "5"]
[EventCountry "CAN"]

1. d4 d5 2. Nf3 Nf6 3. c4 e6 4. Nc3 c6 5. e3 Nbd7 6. Bd3 dxc4 7. Bxc4 b5 8. Bd3
Bb7 9. O-O a6 10. a3 c5 11. Qe2 Be7 12. Rd1 Qc7 13. Bc2 O-O 14. e4 cxd4 15.
Nxd4 Rfd8 16. Bg5 Rac8 17. Rac1 Bd6 18. h3 Bh2+ 19. Kf1 Bf4 20. Bxf4 Qxf4 21.
g3 Qb8 22. Nf3 Ne5 23. Nxe5 Qxe5 24. Rxd8+ Rxd8 25. Rd1 Rxd1+ 26. Qxd1 g6 27.
Qd3 Kg7 28. b4 g5 29. Qe3 g4 30. h4 h6 31. Ke2 Qc7 32. Bb3 Qc6 33. Kd3 Nd7 34.
Qf4 Kf8 35. Qxh6+ Ke7 36. Qe3 Ne5+ 37. Kc2 Nd7 38. Kb2 a5 39. Bd5 Qc7 40. Bxb7
Qxb7 41. Qg5+ Ke8 42. Qxb5 Qa7 43. Qe2 axb4 44. axb4 Qd4 45. Kb3 Nf6 46. Qe3 e5
47. Qxd4 exd4 48. e5 Nd7 49. Nb5 d3 50. Nd6+ Ke7 51. Nc4 d2 52. Kc2 Ke6 53.
Kxd2 1-0

[Event "Fall Pro-Am"]
[Site "Guelph CAN"]
[Date "2006.11.05"]
[Round "4"]
[White "Cloutier, Mario"]
[Black "Upper, John"]
[Result "1-0"]
[WhiteElo "2225"]
[BlackElo "2054"]
[PlyCount "43"]
[EventDate "2006.11.04"]
[EventType "swiss"]
[EventRounds "5"]
[EventCountry "CAN"]

1. e4 e6 2. d4 d5 3. Nd2 Nf6 4. e5 Nfd7 5. Bd3 c5 6. c3 Nc6 7. Ne2 cxd4 8. cxd4
g6 9. h4 h6 10. Nf3 Nb6 11. a3 Bd7 12. Qc2 Rc8 13. Qb1 Na5 14. b4 Nac4 15. Bxg6
Rg8 16. Bh7 Rxg2 17. Nf4 Rg4 18. Nh5 Be7 19. Bxh6 Bb5 20. Bg5 Bxg5 21. hxg5
Rxg5 22. Nf6+ 1-0